[Event "Belp op"]
[Site "Belp"]
[Date "2015.05.23"]
[Round "2"]
[White "Megroz, Michael"]
[Black "Lucca, Kevin"]
[Result "0-1"]
[WhiteElo "1572"]
[BlackElo "1833"]
[PlyCount "58"]
[EventDate "2015.05.23"]
[EventType "swiss"]
[EventRounds "5"]
[EventCountry "SUI"]
[SourceTitle "EXT 2016"]
[Source "ChessBase"]
[SourceDate "2015.10.08"]
[SourceVersion "1"]
[SourceVersionDate "2015.10.08"]
[SourceQuality "1"]

1. e4 c5 2. Nf3 e6 3. d4 cxd4 4. Nxd4 Nc6 5. Nc3 Qc7 6. Bc4 a6 7. f3 Nf6 8. Be3 Be7 9. Qd2 d6 10. 0-0-0 b5 11. Bd3 Ne5 12. h4 b4 13. Nce2 Nxd3+ 14. Qxd3 Bb7 15. g4 Rc8 16. h5 Nd7 17. g5 Ne5 18. Qd2 Nc4 19. Qd3 Nxe3 20. Qxe3 e5 21. Qb3 exd4 22. Nxd4 Bxg5+ 23. Kb1 Bf4 24. Rhg1 Be5 25. Nf5 g6 26. hxg6 hxg6 27. Ne3 Qc5 28. Nd5 Bxd5 29. Rxd5 Qxg1+ 0-1